[Event "American Continental 18th"]
[Site "Medellin"]
[Date "2024.05.29"]
[Round "8"]
[White "Mena Cordoba, Yamil Octavio"]
[Black "Florez Salazar, Luis Angel"]
[Result "0-1"]
[WhiteElo "1890"]
[BlackElo "2171"]
[PlyCount "104"]
[EventDate "2024.05.24"]
[EventType "swiss"]
[EventRounds "11"]
[EventCountry "COL"]
[SourceTitle "CBM 220 Extra"]
[Source "ChessBase"]
[SourceDate "2024.07.31"]
[SourceVersion "1"]
[SourceVersionDate "2024.07.31"]
[SourceQuality "1"]

1. e4 e5 2. Nf3 Nc6 3. Bc4 Bc5 4. d4 Nxd4 5. Nxe5 Qe7 6. Nxf7 Qxe4+ 7. Kf1 Qxc2 8. Qe1+ Ne7 9. Nc3 Rf8 10. Ne5 Nb3 11. f3 Nxa1 12. Bd3 Bf2 13. Bxc2 Bxe1 14. Bxh7 Bxc3 15. bxc3 g6 16. Nxg6 Rf7 17. Nxe7 Rxh7 18. Nd5 Kf7 19. Nxc7 Rb8 20. Bf4 d6 21. Kf2 Nc2 22. Nb5 Bd7 23. Nxd6+ Kg6 24. h4 Rf8 25. Bg5 Na3 26. Nxb7 Rb8 27. Nc5 Rb2+ 28. Kg3 Bf5 29. Rd1 Rc7 30. Rd6+ Kh7 31. Na6 Rg7 32. Kf4 Rf7 33. Bf6 Nc4 34. Rc6 Bd7 35. Rxc4 Rxf6+ 36. Ke3 Rxa6 37. Rc7 Rd6 38. g4 Rxa2 39. Kf4 a5 40. c4 Rad2 41. c5 Rc6 42. Ra7 Rxc5 43. h5 a4 44. g5 Rdd5 45. Ke4 Ra5 46. Rc7 a3 47. f4 a2 48. Rc1 Bf5+ 49. Ke3 a1Q 50. g6+ Kh6 51. Rc7 Qe1+ 52. Kf3 Ra3+ 0-1

[Event "Bogota Empresas op"]
[Site "Bogota"]
[Date "2024.05.19"]
[Round "2"]
[White "Mena Cordoba, Yamil Octavio"]
[Black "Fajardo Lopez, Daniel"]
[Result "1-0"]
[WhiteElo "2011"]
[BlackElo "1822"]
[PlyCount "59"]
[EventDate "2024.05.19"]
[EventType "swiss"]
[EventRounds "7"]
[EventCountry "COL"]
[SourceTitle "CBM 220 Extra"]
[Source "ChessBase"]
[SourceDate "2024.07.31"]
[SourceVersion "1"]
[SourceVersionDate "2024.07.31"]
[SourceQuality "1"]

1. e4 d6 2. Nf3 Nf6 3. Nc3 e5 4. d4 Nbd7 5. Bc4 Be7 6. Bb3 0-0 7. g4 exd4 8. Nxd4 Nc5 9. f3 Nxb3 10. axb3 Nd7 11. Bf4 Bh4+ 12. Bg3 Ne5 13. Qe2 a6 14. 0-0-0 c6 15. Bxe5 dxe5 16. Ne6 Bg5+ 17. Kb1 Qa5 18. Nxg5 h6 19. Nh3 Be6 20. f4 exf4 21. Nxf4 b5 22. Rd6 b4 23. Na4 Qe5 24. Qd2 Bxg4 25. Rg1 h5 26. h3 Bf3 27. Nb6 Qc5 28. Qd4 Qxd4 29. Rxd4 Rad8 30. Nd7 1-0

[Event "Bogota Empresas op"]
[Site "Bogota"]
[Date "2024.05.19"]
[Round "4"]
[White "Mena Cordoba, Yamil Octavio"]
[Black "Ferreira Angarita, Fabio Alexander"]
[Result "1-0"]
[WhiteElo "2011"]
[BlackElo "1951"]
[PlyCount "34"]
[EventDate "2024.05.19"]
[EventType "swiss"]
[EventRounds "7"]
[EventCountry "COL"]
[SourceTitle "CBM 220 Extra"]
[Source "ChessBase"]
[SourceDate "2024.07.31"]
[SourceVersion "1"]
[SourceVersionDate "2024.07.31"]
[SourceQuality "1"]

1. e4 c6 2. d4 d5 3. Nc3 dxe4 4. Nxe4 Nf6 5. Ng5 h6 6. Nxf7 Kxf7 7. Nf3 Kg8 8. Bc4+ e6 9. Ne5 Bd6 10. f4 Bxe5 11. fxe5 Nd5 12. 0-0 Qh4 13. c3 Kh7 14. Bd3+ g6 15. Rf7+ Kg8 16. Bxg6 Nd7 17. Qf1 Qd8 1-0